Xuân dược Tuyển tập trào phúng

Tuyển tập những bài báo hay và ý nghĩa được viết theo lối "tiểu luận", Tác phẩm như khái quát bức tranh xã hội vui vui của năm qua. Gần như nó là một cuốn biên niên sử ghi lại dấu ấn dí dỏm, những mảng màu sắc trào phúng của c...

Cijeli opis

Spremljeno u:
Bibliografski detalji
Glavni autor: Vũ, Đức Sao Biển
Format: Knjiga
Jezik:Undetermined
Izdano: Tp.Hồ Chí Minh Trẻ 2013
Teme:
Online pristup:http://lrc.tdmu.edu.vn/opac/search/detail.asp?aID=2&ID=19951
Oznake: Dodaj oznaku
Bez oznaka, Budi prvi tko označuje ovaj zapis!
Thư viện lưu trữ: Trung tâm Học liệu Trường Đại học Thủ Dầu Một
LEADER 01098nam a2200217Ia 4500
001 TDMU_19951
008 210410s9999 xx 000 0 und d
082 |a 895.92274 
090 |b V500 
100 |a Vũ, Đức Sao Biển 
245 0 |a Xuân dược 
245 0 |b Tuyển tập trào phúng 
245 0 |c Vũ Đức Sao Biển 
260 |a Tp.Hồ Chí Minh 
260 |b Trẻ 
260 |c 2013 
300 |a 174tr. 
520 |a Tuyển tập những bài báo hay và ý nghĩa được viết theo lối "tiểu luận", Tác phẩm như khái quát bức tranh xã hội vui vui của năm qua. Gần như nó là một cuốn biên niên sử ghi lại dấu ấn dí dỏm, những mảng màu sắc trào phúng của cuộc sống. 
650 |a Văn học trào phúng  |v Tuyển tập; Vũ, Đức Sao Biển (Vũ Hợi),  |d (1948- 
856 |u http://lrc.tdmu.edu.vn/opac/search/detail.asp?aID=2&ID=19951 
980 |a Trung tâm Học liệu Trường Đại học Thủ Dầu Một